000 00552cam a2200205 4500
001 J62322
008 000000n2000 000 0 eng u
035 _a(Sirsi) u108574
041 _aENG
050 _a333.337
110 _aFPDSavills
_93625
245 _aRetail Warehousing quarterly report - Spring 2000 & Autumn 2000
260 _aLondon
_bFPDSavills
_c2000
300 _a2 pt. ; 30cm.
650 _aINVESTMENT PERFORMANCE
650 _aRETAIL WAREHOUSES
650 _aWAREHOUSES
690 _aPROPERTY-COMMERCIAL PROPERTY
942 _n0
999 _c100826
_d100826